15 Most Populated Cities In Australia - Statistics

General Stats
  • This quiz has been taken 250 times
  • The average score is 10 of 15
Answer Stats
Population State Answer % Correct
4,627,345 New South Wales Sydney
100%
4,246,375 Victoria Melbourne
98%
1,896,548 Western Australia Perth
98%
367,752 Australian Capital Territory Canberra
94%
2,189,878 Queensland Brisbane
93%
1,225,235 South Australia Adelaide
88%
216,656 Tasmania Hobart
76%
591,473 Queensland Gold Coast
73%
153,075 Queensland Cairns
67%
308,308 New South Wales Newcastle
60%
196,219 Queensland Townsville
51%
226,034 Victoria Geelong
45%
292,190 New South Wales Wollongong
45%
131,258 Queensland Toowoomba
30%
282,673 Queensland Logan City
10%
No matching quizzes found
Score Distribution
Percent of People with Each Score
Percentile by Number Answered
Your Score History
You have not taken this quiz